Thermodynamic properties of isomerization reactions / (Record no. 64540)
[ view plain ]
| 000 -LEADER | |
|---|---|
| fixed length control field | 01217cam a2200313 a 4500 |
| 001 - CONTROL NUMBER | |
| control field | 4395605 |
| 003 - CONTROL NUMBER IDENTIFIER | |
| control field | NUST - PNEC |
| 005 - DATE AND TIME OF LATEST TRANSACTION | |
| control field | 20170116180848.0 |
| 008 - FIXED-LENGTH DATA ELEMENTS--GENERAL INFORMATION | |
| fixed length control field | 920506s1993 dcua b 001 0 eng |
| 010 ## - LIBRARY OF CONGRESS CONTROL NUMBER | |
| LC control number | 92018703 |
| 020 ## - INTERNATIONAL STANDARD BOOK NUMBER | |
| International Standard Book Number | 1560321113 |
| 040 ## - CATALOGING SOURCE | |
| Original cataloging agency | DLC |
| Transcribing agency | LIBRARY |
| Modifying agency | DLC |
| 041 1# - LANGUAGE CODE | |
| Language code of text/sound track or separate title | eng |
| Language code of original | rus |
| 050 00 - LIBRARY OF CONGRESS CALL NUMBER | |
| Classification number | QD281.R35 |
| Item number | F7413 1993 |
| 082 00 - DEWEY DECIMAL CLASSIFICATION NUMBER | |
| Classification number | 547.2 FRE |
| 100 1# - MAIN ENTRY--PERSONAL NAME | |
| Personal name | Frenkel, M.L. |
| Fuller form of name | (Mikhail Lʹvovich) |
| 9 (RLIN) | 5577 |
| 245 10 - TITLE STATEMENT | |
| Title | Thermodynamic properties of isomerization reactions / |
| Statement of responsibility, etc. | M.L. Frenkel, G.Ya. Kabo, G.N. Roganov ; translated by P. Rappoport. |
| 260 ## - PUBLICATION, DISTRIBUTION, ETC. | |
| Place of publication, distribution, etc. | Washington : |
| Name of publisher, distributor, etc. | Hemisphere Pub. Corp. ; |
| Place of publication, distribution, etc. | Bristol, PA : |
| Name of publisher, distributor, etc. | Taylor & Francis [distributor], |
| Date of publication, distribution, etc. | c1993. |
| 300 ## - PHYSICAL DESCRIPTION | |
| Extent | viii, 229 p. : |
| Other physical details | ill. ; |
| Dimensions | 24 cm. |
| 504 ## - BIBLIOGRAPHY, ETC. NOTE | |
| Bibliography, etc. note | Includes bibliographical references (p. 211-225) and index. |
| 650 #0 - SUBJECT ADDED ENTRY--TOPICAL TERM | |
| Topical term or geographic name entry element | Isomerization. |
| General subdivision | ME |
| 650 #0 - SUBJECT ADDED ENTRY--TOPICAL TERM | |
| Topical term or geographic name entry element | Thermodynamics |
| General subdivision | Tables. |
| 650 #0 - SUBJECT ADDED ENTRY--TOPICAL TERM | |
| Topical term or geographic name entry element | Organic compounds |
| General subdivision | Tables. |
| 700 1# - ADDED ENTRY--PERSONAL NAME | |
| Personal name | Kabo, G. I︠A︡ |
| Fuller form of name | (Gennadiĭ I︠A︡kovlevich) |
| 700 1# - ADDED ENTRY--PERSONAL NAME | |
| Personal name | Roganov, G. N. |
| 906 ## - LOCAL DATA ELEMENT F, LDF (RLIN) | |
| a | 7 |
| b | cbc |
| c | orignew |
| d | 1 |
| e | ocip |
| f | 19 |
| g | y-gencatlg |
| 942 ## - ADDED ENTRY ELEMENTS (KOHA) | |
| Source of classification or shelving scheme | |
| Koha item type | Book |
| Withdrawn status | Lost status | Source of classification or shelving scheme | Damaged status | Not for loan | Permanent Location | Current Location | Shelving location | Date acquired | Total Checkouts | Full call number | Barcode | Date last seen | Price effective from | Koha item type |
|---|---|---|---|---|---|---|---|---|---|---|---|---|---|---|
| Pakistan Navy Engineering College (PNEC) | Pakistan Navy Engineering College (PNEC) | 547.2 FRE | PNECLIB-027073 | 08/24/2015 | Book |
